000 00637nam a2200229Ia 4500
001 18227
003 GE_BSU
008 181216s||||||||xx |||||||||||||| ||und||
020 _a9780194551038
040 _cGE_BSU
100 _aRobin Walker, Keith Harding
245 _aOxford English for Careers: Tourism 2: Student's Book
260 _aOXFORD
260 _bOxford University Press
260 _c2007
300 _a243p,27cm.
300 _bcolour illustrations throughout
541 _h42gel.
653 _aOxford English for Careers: Tourism 2: Student's Book
653 _aინგლისური ენა
942 _cBK
999 _c51265
_d51265